Kim Kardashian West's Businesses - Statistics

General Stats
  • This quiz has been taken 47 times
  • The average score is 2 of 12
Answer Stats
# Answer % Correct
1 Skims
100%
2 KKW Beauty
71%
3 KKW Fragrance
21%
4 Kimoji
10%
7 ShoeDazzle
10%
11 Kardashian Beauty
7%
5 Dash Boutique
5%
8 Kim Kardashian Hollywood
5%
12 Kardashian Kard
2%
9 Selfish
2%
10 Belle Noel Jewellery
0%
6 Kim's first perfume
0%
No matching quizzes found
Score Distribution
Percent of People with Each Score
Percentile by Number Answered
Your Score History
You have not taken this quiz